000 00913nam0a22003251 4500
001 RU\NLR\A1SV\25665
005 20251203171251.9
035 _a(NLR Aleph) 009709992
090 _a9828595
_c9828595
100 _a19800725d1925 u y0rusy50 ca
101 0 _arus
102 _aRU
200 1 _aБабы
_eРассказы
_eС рис.
_fМихаил Волков
210 _aМ.
_aЛ.
_cГос. изд-во
_d1925
215 _a44 с.
_d17 см
620 _dМосква
620 _dСанкт-Петербург
700 1 _4070
_aВолков
_bМ. И.
_cписатель
_f1886-1946
_gМихаил Иванович
_9209834
_3RU\NLR\AUTH\770209888
801 0 _aRU
_bNLR
_c19800725
852 _aNLR
_j36/106
899 _aБАН
899 _aГПИБ
899 _aРКП
899 _aНБЛ КГУ
899 _aBL
899 _aРГБ
942 _cBOOK
980 _aNB
980 _aA1SV